Test item bias
| Autor principal: | |
|---|---|
| Tipo de documento: | Print Libro |
| Lenguaje: | Inglés |
| Publicado: |
Beverly Hills, Calif. [u.a.]
Sage Publ.
1983
|
| En: |
Sage University papers / Quantitative applications in the social sciences (30)
Año: 1983 |
| Edición: | 1. print. |
| Acceso en línea: |
Índice Publisher description |
| Disponibilidad en Tübingen: | Disponible en Tübingen. UB: KB 6 E 96 |
| Verificar disponibilidad: | HBZ Gateway |
| Servicio de pedido Subito: | Pedir ahora. |
| Palabras clave: |
MARC
| LEADER | 00000cam a2200000 c 4500 | ||
|---|---|---|---|
| 001 | 236619527 | ||
| 003 | DE-627 | ||
| 005 | 20260206204323.0 | ||
| 007 | tu | ||
| 008 | 971118s1983 xxu||||| 00| ||eng c | ||
| 020 | |a 0803919891 |9 0-8039-1989-1 | ||
| 035 | |a (DE-627)236619527 | ||
| 035 | |a (DE-603)112436293 | ||
| 035 | |a (DE-576)009367225 | ||
| 035 | |a (DE-599)GBV236619527 | ||
| 035 | |a (OCoLC)832918508 | ||
| 035 | |a (OCoLC)9539257 | ||
| 035 | |a (OCoLC)09539257 | ||
| 035 | |a (DE-604)8034396020 | ||
| 040 | |a DE-627 |b ger |c DE-627 |e rakwb | ||
| 041 | |a eng | ||
| 044 | |c XD-US |c XA-GB |c XB-IN | ||
| 050 | 0 | |a HA29 | |
| 082 | 0 | |a 519.5/2 | |
| 082 | 0 | |a 519.52 | |
| 084 | |a MR 2800 |2 rvk |0 (DE-625)rvk/123496: | ||
| 084 | |a QH 200 |2 rvk |0 (DE-625)rvk/141539: | ||
| 084 | |a CM 3000 |2 rvk |0 (DE-625)rvk/18945: | ||
| 084 | |a MR 2100 |2 rvk |0 (DE-625)rvk/123488: | ||
| 084 | |a CS 1000 |2 rvk |0 (DE-625)rvk/19038: | ||
| 084 | |a QH 233 |2 rvk |0 (DE-625)rvk/141548: | ||
| 084 | |a QH 253 |2 rvk |0 (DE-625)rvk/141563: | ||
| 084 | |a SK 850 |2 rvk |0 (DE-625)rvk/143263: | ||
| 100 | 1 | |8 1\p |a Osterlind, Steven J. |0 (DE-588)1183325053 |0 (DE-627)1663140448 |4 aut | |
| 109 | |a Osterlind, Steven J. | ||
| 245 | 1 | 0 | |a Test item bias |c Steven J. Osterlind |
| 250 | |a 1. print. | ||
| 264 | 1 | |a Beverly Hills, Calif. [u.a.] |b Sage Publ. |c 1983 | |
| 300 | |a 85 S. |b graph. Darst. | ||
| 336 | |a Text |b txt |2 rdacontent | ||
| 337 | |a ohne Hilfsmittel zu benutzen |b n |2 rdamedia | ||
| 338 | |a Band |b nc |2 rdacarrier | ||
| 490 | 1 | |a Sage university papers, Quantitative applications in the social sciences |v 30 | |
| 490 | 0 | |a Sage university papers | |
| 500 | |a Hier auch später erschienene, identische Nachdrucke | ||
| 505 | 8 | |a Literaturverz. S. 81 - 84 | |
| 583 | 1 | |a Archivierung prüfen |c 20240324 |f DE-4165 |z 2 |2 pdager | |
| 650 | 0 | |a Social Sciences |x Statistical methods | |
| 650 | 0 | |a Social Sciences |x Methodology | |
| 650 | 0 | 7 | |0 (DE-588)4133271-4 |0 (DE-627)105681393 |0 (DE-576)209642513 |a Bias |2 gnd |
| 650 | 0 | 7 | |0 (DE-588)4059549-3 |0 (DE-627)106143107 |0 (DE-576)209131241 |a Test |2 gnd |
| 650 | 4 | |a Quantitative Methode | |
| 650 | 4 | |a Methodologie | |
| 650 | 4 | |a Test | |
| 650 | 4 | |a Testtheorie | |
| 650 | 4 | |a Item | |
| 689 | 0 | 0 | |d s |0 (DE-588)4059549-3 |0 (DE-627)106143107 |0 (DE-576)209131241 |a Test |2 gnd |
| 689 | 0 | 1 | |d s |0 (DE-588)4133271-4 |0 (DE-627)105681393 |0 (DE-576)209642513 |a Bias |2 gnd |
| 689 | 0 | |5 (DE-627) | |
| 830 | 0 | |a Sage University papers / Quantitative applications in the social sciences |v 30 |9 3000 |w (DE-627)130502987 |w (DE-576)006613276 |w (DE-600)761415-9 |x 0149-192X |7 am | |
| 856 | 4 | 2 | |u http://scans.hebis.de/HEBCGI/show.pl?11243629_toc.pdf |m V:DE-603;B:DE-17 |q application/pdf |3 Inhaltsverzeichnis |7 1 |
| 856 | 4 | 2 | |u http://www.loc.gov/catdir/enhancements/fy0654/83060129-d.html |x Verlag |y Publisher description |7 1 |
| 883 | |8 1\p |a cgwrk |d 20241001 |q DE-101 |u https://d-nb.info/provenance/plan#cgwrk | ||
| 889 | |w (DE-627)02123048X | ||
| 935 | |i mdedup | ||
| 935 | |i Blocktest | ||
| 935 | |h HEB |i 0501 | ||
| 935 | |h HEB |i 0503 | ||
| 936 | r | v | |a MR 2800 |b Andere Techniken (z.B. Semantisches Differential, Soziometrie, Tests) |k Soziologie |k Sozialwissenschaftliche Theorien und Methoden |k Methoden der Sozialforschung |k Andere Techniken (z.B. Semantisches Differential, Soziometrie, Tests) |0 (DE-627)127142763X |0 (DE-625)rvk/123496: |0 (DE-576)20142763X |
| 936 | r | v | |a QH 200 |b Allgemeines |k Wirtschaftswissenschaften |k Mathematik. Statistik. Ökonometrie. Unternehmensforschung |k Statistik |k Allgemeines. Nachschlagewerke |k Allgemeines |0 (DE-627)1271502097 |0 (DE-625)rvk/141539: |0 (DE-576)201502097 |
| 936 | r | v | |a CM 3000 |b Methoden der Psychologie (Testtheorie, Skalierung, Faktorenanalyse u.ä.) |k Psychologie |k Allgemeines. Geschichte und Methodik |k Methoden der Psychologie (Testtheorie, Skalierung, Faktorenanalyse u.ä.) |0 (DE-627)127150832X |0 (DE-625)rvk/18945: |0 (DE-576)20150832X |
| 936 | r | v | |a MR 2100 |b Statistik für Soziologen |k Soziologie |k Sozialwissenschaftliche Theorien und Methoden |k Methoden der Sozialforschung |k Statistik für Soziologen |0 (DE-627)1271427486 |0 (DE-625)rvk/123488: |0 (DE-576)201427486 |
| 936 | r | v | |a CS 1000 |b Einführung, Grundfragen, Lehrbücher, Kompendien |k Psychologie |k Diagnostik |k Einführung, Grundfragen, Lehrbücher, Kompendien |0 (DE-627)1271496402 |0 (DE-625)rvk/19038: |0 (DE-576)201496402 |
| 936 | r | v | |a QH 233 |b Häufigkeitsverteilungen. Stichprobenverteilungen. Schätztheorie. Testtheorie. Statistische Entscheidungstheorie |k Wirtschaftswissenschaften |k Mathematik. Statistik. Ökonometrie. Unternehmensforschung |k Statistik |k Theoretische Statistik |k Häufigkeitsverteilungen. Stichprobenverteilungen. Schätztheorie. Testtheorie. Statistische Entscheidungstheorie |0 (DE-627)127149115X |0 (DE-625)rvk/141548: |0 (DE-576)20149115X |
| 936 | r | v | |a QH 253 |b Statistische Methoden in der Soziologie, Sozialökologie, Demographie |k Wirtschaftswissenschaften |k Mathematik. Statistik. Ökonometrie. Unternehmensforschung |k Statistik |k Sonstige Anwendungsgebiete der Statistik |k Statistische Methoden in der Soziologie, Sozialökologie, Demographie |0 (DE-627)1271489910 |0 (DE-625)rvk/141563: |0 (DE-576)201489910 |
| 936 | r | v | |a SK 850 |b Angewandte Statistik, Tabellen |k Mathematik |k Monografien |k Wahrscheinlichkeitstheorie |k Angewandte Statistik, Tabellen |0 (DE-627)1271156261 |0 (DE-625)rvk/143263: |0 (DE-576)201156261 |
| 936 | s | n | |a c200 |2 mzub |
| 936 | s | n | |a m200 |2 mzub |
| 936 | s | n | |a q100 |2 mzub |
| 936 | s | n | |a s100 |2 mzub |
| 951 | |a BO | ||
| ELC | |b 1 | ||
| LOK | |0 000 xxxxxcx a22 zn 4500 | ||
| LOK | |0 001 3194831917 | ||
| LOK | |0 003 DE-627 | ||
| LOK | |0 004 236619527 | ||
| LOK | |0 005 19951031000000 | ||
| LOK | |0 008 900723||||||||||||||||ger||||||| | ||
| LOK | |0 040 |a DE-21 |c DE-627 |d DE-21 | ||
| LOK | |0 852 |a DE-21 | ||
| LOK | |0 852 1 |c KB 6 E 96 |9 00 | ||
| LOK | |0 935 |a krim | ||
| LOK | |0 936ln |a k1 | ||
| LOK | |0 939 |a 23-07-90 |b l01 | ||
| ORI | |a SA-MARC-krimdoka001.raw | ||
| SIG | |a UB: KB 6 E 96 | ||
